The world until yesterday
| Main Author: | |
|---|---|
| Format: | Book |
| Published: |
London :
Penguins Books ,
2012
|
| Subjects: |
MARC
| LEADER | 00000cam a2200000 7i4500 | ||
|---|---|---|---|
| 001 | 0000047527 | ||
| 005 | 20150518.0 | ||
| 008 | 150518 | ||
| 020 | |a 9780141024486 | ||
| 090 | 0 | 0 | |a 305.89912 |b DIA |
| 100 | 1 | |a Diamond, Jared | |
| 245 | 1 | 4 | |a The world until yesterday |c Jared Diamond |
| 260 | |a London : |b Penguins Books , |c 2012 | ||
| 650 | 0 | |a Dani (New Guinean people) |x History | |
| 650 | 0 | |a Dani (New Guinean People |x Social life & customs | |
| 650 | 0 | |a Social change |z Papua Guinea | |
| 999 | |a 0001349058 |b Book |c Adult Collection |e Perbadanan Perpustakaan Awam Johor | ||